Rudimentos de agricultura (leituras para as escolas primárias) (Registo nº 200355)

Detalhes MARC
000 -Etiqueta do registo
Valores 00658nam 22001693 4500
100 ## - Dados gerais de processamento
Dados gerais 20260204d u||y0pory50 ba
200 ## - Titulo e menção de responsabilidade
Título próprio Rudimentos de agricultura (leituras para as escolas primárias)
Primeira menção de responsabilidade Antonio Xavier Pereira Coutinho
210 ## - Publicação
Local de publicação Lisboa
Nome do editor Aillaud & CIA
Data de publicação [1903]
215 ## - Descrição física 
Paginação / Volumes 138, [2] p.
Outras indicações físicas il. ; encadernado
Dimensões 18 cm
606 ## - Nome comum usado como assunto
ID Autoridade 1219
Palavra de ordem Agricultura. Ciências agrárias e técnicas relacionadas. Silvicultura. Explorações agrícolas. Exploração da vida selvagem
675 ## - CDU
Notação 63
Edição PT
Língua por
700 ## - Autor principal (pessoa individual)
ID Autoridade 16167
Apelido Coutinho
Nome Antonio Xavier Pereira
Datas 1851-1939
801 ## - Fonte de origem
País PT
Agência BMMN
Regras de catalogação RPC
830 ## - Notas gerais do catalogador
Criado por Vanda
990 ## - Elementos KOHA
Tipo de documento Livro
Exemplares
Situação do levantamento Biblioteca de origem Código de barras Cota Permissão de empréstimo Tipo de documento Forma de aquisição
  Biblioteca Municipal de Montemor-o-Novo 29511 63 COU|DEP   Livro Oferta

Powered by Koha